<?xml version="1.0" encoding="UTF-8"?>
<record
    xmlns:xsi="http://www.w3.org/2001/XMLSchema-instance"
    xsi:schemaLocation="http://www.loc.gov/MARC21/slim http://www.loc.gov/standards/marcxml/schema/MARC21slim.xsd"
    xmlns="http://www.loc.gov/MARC21/slim">

  <leader>02419aam a2200625 a 4500</leader>
  <datafield tag="999" ind1=" " ind2=" ">
    <subfield code="c">23003</subfield>
    <subfield code="d">23003</subfield>
  </datafield>
  <controlfield tag="001">vtls001560300</controlfield>
  <controlfield tag="005">20211109091811.0</controlfield>
  <controlfield tag="008">171201e2004    xo o          00100 slo c</controlfield>
  <datafield tag="020" ind1=" " ind2=" ">
    <subfield code="a">9788071811275</subfield>
    <subfield code="q">(viaz.)</subfield>
  </datafield>
  <datafield tag="020" ind1=" " ind2=" ">
    <subfield code="a">8071811270</subfield>
  </datafield>
  <datafield tag="035" ind1=" " ind2=" ">
    <subfield code="a">VTK41644</subfield>
  </datafield>
  <datafield tag="040" ind1=" " ind2=" ">
    <subfield code="a">VTHK</subfield>
    <subfield code="b">slo</subfield>
    <subfield code="c">VTHK</subfield>
    <subfield code="d">SVKBB</subfield>
    <subfield code="e">AACR2</subfield>
  </datafield>
  <datafield tag="041" ind1="1" ind2=" ">
    <subfield code="a">slo</subfield>
    <subfield code="h">eng</subfield>
  </datafield>
  <datafield tag="044" ind1=" " ind2=" ">
    <subfield code="a">xo</subfield>
    <subfield code="c">SK</subfield>
  </datafield>
  <datafield tag="072" ind1=" " ind2="7">
    <subfield code="a">797</subfield>
    <subfield code="x">Vodn&#xE9; &#x161;porty. Leteck&#xE9; &#x161;porty</subfield>
    <subfield code="2">konspekt</subfield>
  </datafield>
  <datafield tag="080" ind1=" " ind2=" ">
    <subfield code="a">592/599(26)</subfield>
    <subfield code="2">2001</subfield>
  </datafield>
  <datafield tag="080" ind1=" " ind2=" ">
    <subfield code="a">551.35</subfield>
    <subfield code="2">2001</subfield>
  </datafield>
  <datafield tag="080" ind1=" " ind2=" ">
    <subfield code="a">582(26)</subfield>
    <subfield code="2">2001</subfield>
  </datafield>
  <datafield tag="080" ind1=" " ind2=" ">
    <subfield code="a">797.215</subfield>
    <subfield code="2">2001</subfield>
  </datafield>
  <datafield tag="080" ind1=" " ind2=" ">
    <subfield code="a">913:797.215</subfield>
    <subfield code="2">2001</subfield>
  </datafield>
  <datafield tag="080" ind1=" " ind2=" ">
    <subfield code="a">(084.12)</subfield>
    <subfield code="2">2001</subfield>
  </datafield>
  <datafield tag="080" ind1=" " ind2=" ">
    <subfield code="a">(0.062)</subfield>
    <subfield code="2">2001</subfield>
  </datafield>
  <datafield tag="240" ind1="1" ind2="0">
    <subfield code="a">Best Dive Sites of the World</subfield>
    <subfield code="l">Slovensky</subfield>
  </datafield>
  <datafield tag="245" ind1="1" ind2="0">
    <subfield code="a">Podmorsk&#xE9; divy sveta</subfield>
    <subfield code="b">najlep&#x161;ie miesta na pot&#xE1;panie</subfield>
    <subfield code="c">Editor: Egidio Trainito ; text a fotografie: Kurt Amsler ... [et al. ; z anglick&#xE9;ho origin&#xE1;lu prelo&#x17E;ili V&#xE1;clav Hru&#x161;ka, J&#xE1;n Ripka, So&#x148;a Ripkov&#xE1; ; zostavil Egidio Trainito ; ilustr&#xE1;cie Dimitilla Muller]</subfield>
  </datafield>
  <datafield tag="250" ind1=" " ind2=" ">
    <subfield code="a">1. vyd.</subfield>
  </datafield>
  <datafield tag="260" ind1=" " ind2=" ">
    <subfield code="a">Praha</subfield>
    <subfield code="b">Ottovo nakladatelstv&#xED;</subfield>
    <subfield code="c">2004</subfield>
  </datafield>
  <datafield tag="300" ind1=" " ind2=" ">
    <subfield code="a">299 s.</subfield>
    <subfield code="b">reg.</subfield>
    <subfield code="c">30 cm</subfield>
  </datafield>
  <datafield tag="500" ind1=" " ind2=" ">
    <subfield code="a">Prelo&#x17E;en&#xE9; z angli&#x10D;tiny</subfield>
  </datafield>
  <datafield tag="650" ind1="0" ind2="7">
    <subfield code="a">morsk&#xE9; &#x17E;ivo&#x10D;&#xED;chy</subfield>
    <subfield code="2">SNKPH</subfield>
    <subfield code="9">2326</subfield>
  </datafield>
  <datafield tag="650" ind1="0" ind2="7">
    <subfield code="a">morsk&#xE9; sedimenty</subfield>
    <subfield code="2">SNKPH</subfield>
    <subfield code="9">2327</subfield>
  </datafield>
  <datafield tag="650" ind1="0" ind2="7">
    <subfield code="a">morsk&#xE9; rastliny</subfield>
    <subfield code="2">SNKPH</subfield>
    <subfield code="9">2328</subfield>
  </datafield>
  <datafield tag="650" ind1="0" ind2="7">
    <subfield code="a">pot&#xE1;panie</subfield>
    <subfield code="2">SNKPH</subfield>
    <subfield code="9">2329</subfield>
  </datafield>
  <datafield tag="650" ind1="0" ind2="7">
    <subfield code="a">pot&#xE1;pa&#x10D;sk&#xE9; lokality</subfield>
    <subfield code="2">SVKBBPH</subfield>
    <subfield code="9">2330</subfield>
  </datafield>
  <datafield tag="650" ind1="0" ind2="7">
    <subfield code="a">Sea animals</subfield>
    <subfield code="2">SNKPHeng</subfield>
    <subfield code="9">2331</subfield>
  </datafield>
  <datafield tag="650" ind1="0" ind2="7">
    <subfield code="a">Marine sediments</subfield>
    <subfield code="2">SNKPHeng</subfield>
    <subfield code="9">2332</subfield>
  </datafield>
  <datafield tag="650" ind1="0" ind2="7">
    <subfield code="a">Sea plants</subfield>
    <subfield code="2">SNKPHeng</subfield>
    <subfield code="9">2333</subfield>
  </datafield>
  <datafield tag="650" ind1="0" ind2="7">
    <subfield code="a">Diving</subfield>
    <subfield code="2">SNKPHeng</subfield>
    <subfield code="9">2334</subfield>
  </datafield>
  <datafield tag="650" ind1="0" ind2="7">
    <subfield code="a">Dive sites</subfield>
    <subfield code="2">SVKBBPHeng</subfield>
    <subfield code="9">2335</subfield>
  </datafield>
  <datafield tag="655" ind1=" " ind2="7">
    <subfield code="a">fotografick&#xE9; publik&#xE1;cie</subfield>
    <subfield code="2">SNKPH</subfield>
    <subfield code="9">1846</subfield>
  </datafield>
  <datafield tag="655" ind1=" " ind2="7">
    <subfield code="a">popul&#xE1;rno-n&#xE1;u&#x10D;n&#xE9; publik&#xE1;cie</subfield>
    <subfield code="2">SNKPH</subfield>
    <subfield code="9">1486</subfield>
  </datafield>
  <datafield tag="655" ind1=" " ind2="7">
    <subfield code="a">Photographical works</subfield>
    <subfield code="2">SNKPHeng</subfield>
    <subfield code="9">2336</subfield>
  </datafield>
  <datafield tag="655" ind1=" " ind2="7">
    <subfield code="a">Popular works</subfield>
    <subfield code="2">SNKPHeng</subfield>
    <subfield code="9">1487</subfield>
  </datafield>
  <datafield tag="700" ind1="1" ind2=" ">
    <subfield code="a">Trainito, Egidio,</subfield>
    <subfield code="d">1947-</subfield>
    <subfield code="4">aut</subfield>
    <subfield code="4">com</subfield>
    <subfield code="4">pht</subfield>
    <subfield code="9">2337</subfield>
  </datafield>
  <datafield tag="700" ind1="1" ind2=" ">
    <subfield code="a">Amsler, Kurt,</subfield>
    <subfield code="d">1946-</subfield>
    <subfield code="4">aut</subfield>
    <subfield code="4">pht</subfield>
    <subfield code="9">2338</subfield>
  </datafield>
  <datafield tag="700" ind1="1" ind2=" ">
    <subfield code="a">De Sabata, Eleonora</subfield>
    <subfield code="4">aut</subfield>
    <subfield code="4">pht</subfield>
    <subfield code="9">2339</subfield>
  </datafield>
  <datafield tag="700" ind1="1" ind2=" ">
    <subfield code="a">Mesturini, Giorgio</subfield>
    <subfield code="4">aut</subfield>
    <subfield code="4">pht</subfield>
    <subfield code="9">2340</subfield>
  </datafield>
  <datafield tag="700" ind1="1" ind2=" ">
    <subfield code="a">Paolillo, Vincenzo</subfield>
    <subfield code="4">aut</subfield>
    <subfield code="4">pht</subfield>
    <subfield code="9">2341</subfield>
  </datafield>
  <datafield tag="700" ind1="1" ind2=" ">
    <subfield code="a">Rinaldi, Roberto</subfield>
    <subfield code="4">aut</subfield>
    <subfield code="4">pht</subfield>
    <subfield code="9">2342</subfield>
  </datafield>
  <datafield tag="700" ind1="1" ind2=" ">
    <subfield code="a">Hru&#x161;ka, V&#xE1;clav</subfield>
    <subfield code="4">trl</subfield>
    <subfield code="9">2343</subfield>
  </datafield>
  <datafield tag="700" ind1="1" ind2=" ">
    <subfield code="a">Ripka, J&#xE1;n</subfield>
    <subfield code="4">trl</subfield>
    <subfield code="9">2344</subfield>
  </datafield>
  <datafield tag="700" ind1="1" ind2=" ">
    <subfield code="a">Ripkov&#xE1;, So&#x148;a</subfield>
    <subfield code="4">trl</subfield>
    <subfield code="9">2345</subfield>
  </datafield>
  <datafield tag="700" ind1="1" ind2=" ">
    <subfield code="a">Muller, Dimitilla</subfield>
    <subfield code="4">ill</subfield>
    <subfield code="9">2346</subfield>
  </datafield>
  <datafield tag="850" ind1=" " ind2=" ">
    <subfield code="b">KIS3GMM</subfield>
  </datafield>
  <datafield tag="952" ind1=" " ind2=" ">
    <subfield code="0">0</subfield>
    <subfield code="1">0</subfield>
    <subfield code="2">udc</subfield>
    <subfield code="4">0</subfield>
    <subfield code="7">0</subfield>
    <subfield code="8">D</subfield>
    <subfield code="a">10000</subfield>
    <subfield code="b">10000</subfield>
    <subfield code="d">2021-11-09</subfield>
    <subfield code="i">21354</subfield>
    <subfield code="o">V366</subfield>
    <subfield code="p">V366</subfield>
    <subfield code="r">2021-11-09</subfield>
    <subfield code="w">2021-11-09</subfield>
    <subfield code="y">OLDO</subfield>
  </datafield>
</record>
